000 00256nam a2200109Ia 4500
008 231212s1978 xx 000 0 und d
041 _aeng
082 _a604.2
100 _aShor L.A.
245 _aThe Kinematic Method in
260 _aMascow
_bMir Pub
_c1978
999 _c958542
_d958542